| 000 | 01628cam a22003974a 4500 | ||
|---|---|---|---|
| 999 |
_c42967 _d42967 |
||
| 001 | 14591283 | ||
| 005 | 20221116141058.0 | ||
| 008 | 061010s2007 paua b 001 0 eng | ||
| 010 | _a 2006033374 | ||
| 016 | 7 |
_a101289430 _2DNLM |
|
| 020 | _a1416030808 | ||
| 020 | _a9781416030805x | ||
| 035 | _a(OCoLC)ocm72774424 | ||
| 035 | _a(OCoLC)72774424 | ||
| 080 | _a579.2(075.8) :61 G-36 | ||
| 100 | 1 |
_aNussbaum, Robert L., _d1950- _97357 |
|
| 245 | 1 | 0 | _aThompson & Thompson genetics in medicine. |
| 246 | 3 | 0 | _aGenetics in medicine |
| 246 | 3 | _aThompson and Thompson genetics in medicine | |
| 250 |
_a7th ed. / _bRobert L. Nussbaum, Roderick R. McInnes, Huntington F. Willard ; with clinical case studies updated and new cases prepared by Ada Hamosh. |
||
| 264 |
_aPhiladelphia : _bSaunders/Elsevier, _cc2007. |
||
| 300 |
_axi, 585 p. : _bill. (some col.) ; _c28 cm. |
||
| 504 | _aIncludes bibliographical references and index. | ||
| 650 | 0 |
_aMedical genetics. _97342 |
|
| 650 | 1 | 2 |
_aGenetics, Medical. _97358 |
| 653 | _aგენეტიკა მედიცინაში | ||
| 653 | _aმედიცინა | ||
| 700 | 1 |
_aMcInnes, Roderick R. _97359 |
|
| 700 | 1 |
_aWillard, Huntington F. _97360 |
|
| 700 | 1 |
_aThompson, Margaret W. _q(Margaret Wilson), _d1920- _tThompson &Thompson genetics in medicine. _97361 |
|
| 700 | 1 |
_aHamosh, Ada. _97362 |
|
| 856 | 4 | 1 |
_3Table of contents only _uhttp://www.loc.gov/catdir/toc/ecip072/2006033374.html |
| 906 |
_a7 _bcbc _corignew _d1 _eecip _f20 _gy-gencatlg |
||
| 942 |
_2udc _cBK |
||
| 955 |
_ajc00 2006-10-11 _aaa27 2006-10-12 _aps05 2007-08-09 1 copy rec'd., to CIP ver. |
||